| 000 | 00655nam a2200265Ia 4500 | ||
|---|---|---|---|
| 003 | OSt | ||
| 005 | 20221006142643.0 | ||
| 006 | a|||||r|||| 00| 0 | ||
| 007 | ta | ||
| 008 | 221006b |||||||| |||| 00| 0 eng d | ||
| 020 |
_c _3.00 |
||
| 024 | _a6,849 | ||
| 037 | _cTextual | ||
| 040 |
_aEASL _cEASL _beng |
||
| 041 |
_2eng _aeng |
||
| 082 | _aY:1.730k41.N5, K5 | ||
| 100 |
_aCHENG Chi Pao _9648079 |
||
| 245 | 0 | _aChinese American cultureal relations | |
| 260 | _c1965 | ||
| 300 |
_avii,184p. _ccm. |
||
| 490 | _v CEL | ||
| 650 | _aCEL | ||
| 942 |
_hY:1.730k41.N5, K5 _cTEXL _2CC |
||
| 999 |
_c1074935 _d1074935 |
||